00833nam a22002175i 4500001000700000003000900007005001700016008004100033080002200074100002300096245004300119260008300162300007500245490005800320500001400378504003000392546008000422600002000502830005800522852003500580177717ES-MaACL20230906220408.0110414s1948 be f |||| | fre d a75 Tytgat, Edgard1 aRoelants, Maurice.10aEdgar Tytgat / cpar Maurice Roelants. aAnvers : bDe Sikkel, pour le Ministere de l'Instruction Publique,ccop. 1948. a15, [24] p. de lám. bl. y n. , [2] h. de lám. col. y n. ; c25 cm.1 aMonographies de l'art belge. Deuxième Série ; v2 aÍndice. aBibliografía: p. 13-14. aTexto en francés, leyenda de las ilustraciones en francés y holandés.14aTytgat, Edgard.0 aMonographies de l'art belge. Deuxième Série ; v2 aES-MaACLjE-14907 xOlim P-972